| 000 | 00864nam a2200205 i 4500 | ||
|---|---|---|---|
| 001 | 104509 | ||
| 003 | ES-MaACL | ||
| 005 | 20250729050627.0 | ||
| 007 | t| | ||
| 008 | 051130s1975 sp |||| | spa d | ||
| 100 | 1 |
_aMillán Barbany, Gregorio. _981142 |
|
| 245 | 1 | 0 |
_aProblemas matemáticos de la mecánica de fluidos _b: estructura de las ondas de choque y combustión / _cdiscurso leído en el acto de su recepción por Gregorio Millán Barbany y contestación del ... Sr. D. Felipe Lafita Babio. |
| 260 |
_aMadrid : _bAcademia de Ciencias Exactas, Físicas y Naturales, _c1975. |
||
| 300 |
_a658 p. ; _c24 cm. |
||
| 650 | 0 | 7 |
_aMecánica de fluidos _2embne _914877 |
| 700 | 1 |
_aLafita Babio, Felipe. _969492 |
|
| 710 | 2 |
_aReal Academia de Ciencias Exactas, Físicas y Naturales de España. _9175635 |
|
| 852 |
_aES-MaACL _jE-1907 |
||
| 999 |
_c104509 _d104509 |
||